| 000 | 01019nam a2200289 a 4500 | ||
|---|---|---|---|
| 008 | 960511s1959||||[C 0 cze c | ||
| 040 |
_aSNK _bslo _cSNK _eAACR2 |
||
| 041 | 1 | _acze | |
| 044 |
_axo _cSK |
||
| 080 | _a784.4:785.14:785.12 | ||
| 080 | _a785.14 | ||
| 080 | _a785.12 | ||
| 110 | 0 |
_aSbor Lubomíra Pánka _4nrt |
|
| 245 | 1 | 0 |
_aPod jednou střechou _hAudiozáznam _bS Českou muzikou Josefa Charváta, Josefem Bekem a herci pražských divadel _cSpieva Sbor Lubomíra Pánka ; Spieva Josef Bek, Jaroslav Satoranský, Pavel Trávníček, Pavel Zedníček, Svatava Černá, Blanka Tůmová ... |
| 260 |
_aBratislava _bSlovenský spisovateľ _c1959 |
||
| 300 | _a2 s. | ||
| 500 | _a27 českých ľudových piesní | ||
| 700 | 1 |
_aBek, Josef _4nrt |
|
| 700 | 1 |
_aSatoranský, Jaroslav _4nrt |
|
| 700 | 1 |
_aTrávníček, Pavel _4nrt |
|
| 700 | 1 |
_aZedníček, Pavel _4nrt |
|
| 700 | 1 |
_aČerná, Svatava _4nrt |
|
| 700 | 1 |
_aTůmová ..., Blanka _4nrt |
|
| 100 | 1 | _aLeberecht, Hans | |
| 020 | _c5 | ||
| 958 | _aJ | ||
| 999 |
_c11319 _d11319 |
||